000 00980nam a22002177a 4500
999 _c4290
_d4290
003 OSt
005 20250205093547.0
008 250205b ||||| |||| 00| 0 eng d
020 _a9780582063907
040 _cKH8
082 _a540 COX
100 _aCox, Michael C. ,
_eauthor.
245 _aA- Level and AS- Level Chemistry /
_bDr Michael C. Cox.
260 _aUK ;
_bLongman Group UK Limited ,
_c1991.
300 _a300 pages :
_billustrations ;
_c20 cm.
520 _aLongman reference guides have veeb written specially for A and AS Level Scottish Higher Grade students by experienced examiners. Each guide is an A-Z of the most important areas within your syllabus and covers exactly what you need to know at just the right level. Reference guide are ideal to keep on your desk for quick reference throughout your course.
650 _aGreat Britain
_vSecondary schools
650 _aCurriculum subjects
_vChemistry
650 _aChemistry
_vGuide book
942 _2ddc
_cNFIC